000 00266nam a22001217a 4500
020 _a9780030749581
041 _aeng
080 _a62
090 _bMCF
100 _aMcFadden, Charles
245 _aSciencePlus: Technology and Society [Green Level].
999 _c281461
_d281461
942 _cBK